Geographical information from space (Record no. 106878)

MARC details
000 -LEADER
fixed length control field 00402cam a22001575a 4500
001 - CONTROL NUMBER
control field L137705
008 - FIXED-LENGTH DATA ELEMENTS--GENERAL INFORMATION
fixed length control field 070424s1995 xxk f 000 0 eng d
020 ## - INTERNATIONAL STANDARD BOOK NUMBER
International Standard Book Number 0471958336
035 ## - SYSTEM CONTROL NUMBER
System control number (Sirsi) u137705
041 0# - LANGUAGE CODE
Language code of text/sound track or separate title eng
100 1# - MAIN ENTRY--PERSONAL NAME
Personal name Williams, Jonathan
245 00 - TITLE STATEMENT
Title Geographical information from space
260 ## - PUBLICATION, DISTRIBUTION, ETC.
Place of publication, distribution, etc. John Wiley and Sons Ltd
Date of publication, distribution, etc. 1995
651 #4 - SUBJECT ADDED ENTRY--GEOGRAPHIC NAME
Geographic name England and Wales
Chronological subdivision 1543-
942 ## - ADDED ENTRY ELEMENTS (KOHA)
Suppress in OPAC 0

No items available.